| 000 | 00350nam a2200121Ia 4500 | ||
|---|---|---|---|
| 008 | 220204s9999 xx 000 0 und d | ||
| 082 |
_a632.9 _bWOO |
||
| 100 | _aWOOD, P K S | ||
| 245 | 0 | _aBiological problems arising from the control of pests and diseases | |
| 260 |
_aLondon _bInstitute of Biology _c1960 |
||
| 650 | _aCrop pest control | ||
| 942 | _cBK | ||
| 999 |
_c20248 _d20248 |
||